|
|
|
|
| LEADER |
00000nbm0a2200000 4500 |
| 001 |
134011 |
| 005 |
20231031135531.0 |
| 035 |
|
|
|a (RuTPU)RU\TPU\book\145255
|
| 090 |
|
|
|a 134011
|
| 100 |
|
|
|a 20080325d1970 k y0rusy50 ca
|
| 101 |
0 |
|
|a rus
|
| 102 |
|
|
|a RU
|
| 105 |
|
|
|a a m 001zy
|
| 200 |
1 |
|
|a Исследование кинематики и динамики скоростных шарикоподшипников и оптимизация некоторых параметров их конструкции
|e Диссертация на соискание ученой степени кандидата технических наук
|f А. В. Бауэр
|g Всесоюзный научно-исследовательский и конструкторско-технологический институт подшипниковой промышленности ; науч. рук. А. С. Саверский
|
| 210 |
|
|
|a Москва
|d 1970
|
| 215 |
|
|
|a 141 л.
|c ил.
|
| 320 |
|
|
|a Библиогр.: с. 133 -141 ( 88 назв.)
|
| 610 |
1 |
|
|a шарикоподшипники
|
| 610 |
1 |
|
|a конструкция
|
| 610 |
1 |
|
|a оптимизация
|
| 610 |
1 |
|
|a кинематика
|
| 610 |
1 |
|
|a динамика
|
| 610 |
1 |
|
|a силы трения
|
| 610 |
1 |
|
|a угловая скорость
|
| 610 |
1 |
|
|a сепараторы
|
| 610 |
1 |
|
|a скольжение
|
| 610 |
1 |
|
|a долговечность
|
| 610 |
1 |
|
|a вращение
|
| 610 |
1 |
|
|a смазка
|
| 610 |
1 |
|
|a экспериментальное исследование
|
| 610 |
1 |
|
|a диссертации
|
| 675 |
|
|
|a 621.822(04)
|v 3
|
| 700 |
|
1 |
|a Бауэр
|b А. В.
|
| 702 |
|
1 |
|a Саверский
|b А. С.
|4 727
|
| 712 |
0 |
2 |
|a Всесоюзный научно-исследовательский и конструкторско-технологический институт подшипниковой промышленности
|2 stltpush
|3 (RuTPU)RU\TPU\col\4006
|
| 801 |
|
1 |
|a RU
|b 63413507
|c 20080325
|g PSBO
|
| 801 |
|
2 |
|a RU
|b 63413507
|c 20120228
|g PSBO
|
| 942 |
|
|
|c BK
|